000 00433nam a22001457a 4500
020 _a978-93-85269-99-8
082 _a894.812.3
_bPAD/H
100 _aPADMANABHAN ,T
245 _aHAMSAGANAM
260 _aKOZHIKODE
_bOLIVU PUBLICATIONS
_c2017
300 _a105
520 _aNAMMUDE KATHALOKATHE LALITHAVUM ENNAL THEESHNAVUMAYI SAMBANNAMAKKIYA MALAYALATHINTE EKKALATHEYUM PRIYA KATHAKARANTE SAMAHARAM
650 _aNOVEL
942 _cBK
999 _c5114
_d5114